| 000 | 00641nam a2200205Ia 4500 | ||
|---|---|---|---|
| 003 | GCL | ||
| 008 | 140319s9999 xx 000 0 ara d | ||
| 040 |
_aGCL / _cGCL |
||
| 082 | 0 | 4 |
_a378.002 _bم د |
| 100 | 1 | _aمحمد سمير حسانين | |
| 245 | 1 | 0 |
_aدراسات فى مشكلات التعليم الجامعى والعالى / _cمحمد سمير حسانين |
| 260 |
_a[S.N] : _bدائرة الاعلام ، _c1989 |
||
| 300 | _a438ص | ||
| 490 | _a | ||
| 650 | 0 | 4 | _aمصر |
| 650 | 0 | 4 | _aالتخطيط التربوى |
| 650 | 0 | 4 | _aالتعليم العالى |
| 650 | 0 | 4 | _aالتعليم الجامعى |
| 942 |
_2ddc _cBK |
||
| 999 |
_c49781 _d49781 |
||